| 000 | 00472pab a2200181 454500 | ||
|---|---|---|---|
| 008 | 180718b1995 xxu||||| |||| 00| 0 eng d | ||
| 100 | _aDandavate, Madhu | ||
| 245 |
_a1995-96 budget _bmirage of poverty alleviation. |
||
| 260 | _c1995 | ||
| 300 | _ap.12 | ||
| 362 | _a3 Apr | ||
| 650 | _aPoverty alleviation - India | ||
| 650 | _aFinance, Public - India | ||
| 650 | _aBudget - India | ||
| 650 | _aUnion budget - India | ||
| 773 | _aTimes of India | ||
| 909 | _a28926 | ||
| 999 |
_c28926 _d28926 |
||